Central Library, Doon University
WEBOPAC (ONLINE PUBLIC ACCESS CATALOGUE)

Environment Management and Audit (Record no. 60469)

MARC details
000 -LEADER
fixed length control field 00518nam a22001937a 4500
005 - DATE & TIME
control field 20260226125314.0
008 - FIXED-LENGTH DATA ELEMENTS--GENERAL INFORMATION
fixed length control field 260226b |||||||| |||| 00| 0 eng d
020 ## - ISBN
International Standard Book Number 9788176292481
Price 1550.00
040 ## - CATALOGING SOURCE
Original cataloging agency Doon University
041 ## - Language
Language English
082 ## - DDC NUMBER
Classification number 363.9
Book Number ENV
100 ## - MAIN ENTRY--PERSONAL NAME
Personal name Rao, P. Sasi Bhushana (ed)
245 ## - TITLE STATEMENT
Title Environment Management and Audit
260 ## - PUBLICATION, DISTRIBUTION, ETC. (IMPRINT)
Place of publication, distribution, etc New Delhi
Name of publisher, distributor, etc Deep And Deep
Date of publication, distribution, etc 2022
300 ## - PHYSICAL DESCRIPTION
Pages 341
650 ## - Subject
Subject Environment Science
710 ## - Added Entry Corporate
Name of the body Rao, P. Mohana (ed)
942 ## - ADDED ENTRY ELEMENTS (KOHA)
Koha item type Books
100 ## - MAIN ENTRY--PERSONAL NAME
-- 26424
650 ## - Subject
-- 310
710 ## - Added Entry Corporate
-- 26425
952 ## - LOCATION AND ITEM INFORMATION (KOHA)
-- 2026-02-26
952 ## - LOCATION AND ITEM INFORMATION (KOHA)
-- 2026-02-26
952 ## - LOCATION AND ITEM INFORMATION (KOHA)
-- 2026-02-26
Holdings
Withdrawn status Lost status Source of classification or shelving scheme Damaged status Not for loan Location (home branch) Sublocation or collection (holding branch) Date acquired Koha full call number Accession No. Koha date last seen Koha item type Koha issues (times borrowed)
        Not For Loan Doon University Doon University 26.02.2026 363.9 ENV 53151 26.02.2026 Reference  
          Doon University Doon University 26.02.2026 363.9 ENV 53152 26.02.2026 Books  
          Doon University Doon University 26.02.2026 363.9 ENV 53153 26.02.2026 Books  
Contact : +91-135-2533126 (Library),+91-135-2533105 (Admin Office) , Email : doonlibrary@gmail.com

Powered by Koha